00870cam a2200229 a 450000100060000000300100000600500170001600800410003303500190007404000360009304100080012908200160013709000170015324501620017026000350033230000340036765000350040170000340043694200120047099900170048295201410049922876 BD-RjUL 20211209000850.0140309s1948 xx 000 0 eng u a(BD-RjUL)22941 aOSUdEQOdBD-RjULbengcBD-RjUL aeng a893.13bLAN aPJ1949b.L4700aLand of enchanters :bEgyptian short stories from the earliest times to the present day /cedited and introduced by Bernard Lewis, and illustrated by Ali Nur aLondon :bHarvill Press,c1948 aix, 157 p. :billus. ;c23 cm 0aShort stories, Egyptian9705341 aLewis, Bernard,d1916-970535 2ddccBK c22876d22876 00102ddc40728FICaRUCLbRUCLcReadingd1966-11-07eA.I. Qurieshg17.30l0o893.13 LAN 1948r2014-03-09 00:00:00tC-1w2021-12-09yBK